000 00272nam a2200133Ia 4500
100 _aKrasnov/M.L
942 _cRB
654 _aAnalysis
245 _aVector analysis
260 _bMir Publishers
_aMoscow
_c1981
082 _a515.6
300 _a190
546 _aENGLISH
999 _c22055
_d22055